000 01080nam a2200277Ia 4500
003 OSt
005 20221005104043.0
006 a|||||r|||| 00| 0
007 ta
008 221004b |||||||| |||| 00| 0 san d
020 _a9788189469689 (pbk)
_c795
024 _a13622
037 _b693/1, 28/02/2014, Vidyanidhi Prakashan
_cTextual
040 _aCRL
_cCRL
_bsan
041 _2san
_asan
082 _aQ2:4:g(Z), 152Q4
100 _aयादव, नीलम
245 0 _aधर्मशास्त्रीय न्यायिक प्रक्रिया
246 _aDharmashāstrīya nyāyik prakriyā
260 _aदिल्ली
_bचौखम्भा ओरियन्टालिया भारत
_c2014
300 _a314पृ0
_ccm.
490 _aजड़ावकुॅंवर राष्ट्रभाषा ग्रन्थमाला; 36
650 _aधर्म
942 _hQ2:4:g(Z), 152Q4
_cTEXL
_2cc
999 _c1011609
_d1011609